| 000 | 01378nam a22002417a 4500 | ||
|---|---|---|---|
| 001 | 624 | ||
| 005 | 20240523112034.0 | ||
| 020 | _a9781474953160 | ||
| 040 |
_aFISKH _beng _cFISKH _dFISKH |
||
| 082 | _a551.46 | ||
| 100 | _aMartin, Jerome | ||
| 245 |
_a100 things to know about the oceans / _cWritten by Jerome Martin, ALex Frith, Alice James, Lan Cook, Minna Lacey and Lizzie Cope ; Illustrated by Dominique Byron, Dale Edwin Murray, Federico Mariani, Shaw Nielsen and Jake Williams ; Designed by Jenny Offley, Winsome D'Abreu, Tilly Kitching, Lenka Hrehova and Samuel Gorham. |
||
| 260 |
_aLondon : _bUsborne ; _c2021. |
||
| 300 |
_a127 pages : _bcolor illustrations : _c25 cm. |
||
| 490 | _a100 Things to know about | ||
| 505 | _aU | ||
| 520 | _aDo fish wear pyjamas? What's the sound of an iceberg melting? How many sheep did it take to launch a Viking longship? Which is faster - a tsunami or a bullet train? Find the answers to these and many more questions in a book that explores the history, science, environment and art of our planet's seas and oceans. Richly illustrated and perfect for broadening children's knowledge of an essential subject, away from the classroom. | ||
| 521 |
_a960
_bLexile |
||
| 521 |
_aU
_bRaz-Plus |
||
| 650 |
_aMarine Animals _vJuvenile Literature |
||
| 650 |
_aMarine Animals _vJuvenile Literature |
||
| 942 |
_2ddc _cBK _n0 |
||
| 999 |
_c624 _d624 |
||